00350 a2200121 4500001001000000005001700010008004100027245005900068100001800127700002000145773004600165999001700211ART_5274520260410162046.0260409a 10aTratamiento impositivo del leasing y sale & lease back1 aStok, Leandro1 aGanen, Hernán0 tImpuestosg- N°100 (mayo 2021)wREV45175 c35394d35394